[Event "Olimpiada Dresden 2008 Femenina"]
[Site "Dresden GER"]
[Date "2008.11.14"]
[Round "2.21"]
[White "Ambrosi, Eleonora"]
[Black "Thorsteinsdottir, Gudlaug"]
[Result "1-0"]
[WhiteElo "2128"]
[BlackElo "2156"]
[PlyCount "72"]
[EventDate "2008.11.13"]
[EventType "team-tourn"]
[EventRounds "11"]
[EventCountry "GER"]
[Source "lmi"]
[SourceDate "2008.11.13"]
[WhiteTeam "Italia"]
[BlackTeam "Islandia"]
[WhiteTeamCountry "ITA"]
[BlackTeamCountry "ISL"]

1. e4 c5 2. Nf3 e6 3. d4 cxd4 4. Nxd4 a6 5. Bd3 Qc7 6. O-O Nf6 7. c4 Nc6 8.
Nxc6 dxc6 9. Qe2 e5 10. h3 Bc5 11. Nc3 Be6 12. Na4 Bd4 13. c5 Rd8 14. Rd1 Qe7
15. Be3 O-O 16. Kh1 Bxe3 17. Qxe3 Rd4 18. Nc3 Rfd8 19. Ne2 R4d7 20. b3 Nh5 21.
Bc2 Nf6 22. Rxd7 Rxd7 23. Rd1 Rxd1+ 24. Bxd1 Nd7 25. b4 Bxa2 26. Ng3 g6 27. Bg4
Be6 28. Bxe6 Qxe6 29. Qg5 Qf6 30. Qd2 Qe7 31. Qa2 Qg5 32. Qa5 h5 33. Qc7 Qc1+
34. Kh2 Qd2 35. Qxb7 h4 36. Nf1 Nf8 1-0

[Event "Olimpiada Dresden 2008 Femenina"]
[Site "Dresden GER"]
[Date "2008.11.14"]
[Round "2.21"]
[White "Thorsteinsdottir, Hallgerdur"]
[Black "Brunello, Marina"]
[Result "0-1"]
[WhiteElo "1915"]
[BlackElo "2117"]
[PlyCount "122"]
[EventDate "2008.11.13"]
[EventType "team-tourn"]
[EventRounds "11"]
[EventCountry "GER"]
[Source "lmi"]
[SourceDate "2008.11.13"]
[WhiteTeam "Islandia"]
[BlackTeam "Italia"]
[WhiteTeamCountry "ISL"]
[BlackTeamCountry "ITA"]

1. e4 e5 2. Nf3 Nc6 3. Bc4 Bc5 4. d3 Nf6 5. c3 d6 6. O-O O-O 7. Bb3 a6 8. Nbd2
Ba7 9. h3 Be6 10. Bc2 Qd7 11. Nh2 d5 12. Ndf3 h6 13. d4 Nxe4 14. Nxe5 Nxe5 15.
dxe5 Qe7 16. Qf3 f5 17. Be3 Bxe3 18. Qxe3 f4 19. Qd3 Rad8 20. f3 Ng5 21. Rfe1
Bf5 22. Qd2 Bxc2 23. Qxc2 Ne6 24. Ng4 b6 25. Re2 Kh8 26. Rd1 c5 27. Qb3 Qb7 28.
Red2 c4 29. Qc2 Rfe8 30. Qg6 b5 31. Rxd5 Qe7 32. Rxd8 Rxd8 33. Rxd8+ Nxd8 34.
Qd6 Qe8 35. Nxh6 gxh6 36. Qxh6+ Kg8 37. Qxf4 Qg6 38. Qg4 Qxg4 39. hxg4 Kf7 40.
f4 Ke6 41. Kf2 Nb7 42. Ke3 Kd5 43. g5 Na5 44. Kf3 Nc6 45. Kg4 Ne7 46. Kh5 Ke4
47. g6 Kxf4 48. g7 Kxe5 49. Kh6 Kf6 50. Kh7 Kf7 51. g4 Ng8 52. g5 Ne7 53. g6+
Kf6 54. g8=Q Nxg8 55. Kxg8 Kxg6 56. Kf8 Kf5 57. Ke7 Ke4 58. Kd6 Kd3 59. Kc5 Kc2
60. Kb6 Kxb2 61. Kxa6 Kxa2 0-1

[Event "Olimpiada Dresden 2008 Femenina"]
[Site "Dresden GER"]
[Date "2008.11.14"]
[Round "2.21"]
[White "De Rosa, Maria"]
[Black "Fridthjofsdottir, Sigurl Regin"]
[Result "1-0"]
[WhiteElo "2083"]
[BlackElo "1806"]
[PlyCount "64"]
[EventDate "2008.11.13"]
[EventType "team-tourn"]
[EventRounds "11"]
[EventCountry "GER"]
[Source "lmi"]
[SourceDate "2008.11.13"]
[WhiteTeam "Italia"]
[BlackTeam "Islandia"]
[WhiteTeamCountry "ITA"]
[BlackTeamCountry "ISL"]

1. e4 e6 2. d4 d5 3. e5 c5 4. c3 Nc6 5. Nf3 Qb6 6. a3 c4 7. Nbd2 Na5 8. g3 Bd7
9. Bh3 h6 10. Nf1 O-O-O 11. Ne3 Nb3 12. Rb1 Kb8 13. Nd2 Ba4 14. O-O Qc7 15. Qe2
Ne7 16. f4 g6 17. Bg2 Nc8 18. g4 Nb6 19. f5 gxf5 20. gxf5 h5 21. Bh3 Bh6 22.
Nxb3 Bxb3 23. fxe6 fxe6 24. Bxe6 Qg7+ 25. Kh1 Bxe3 26. Bxe3 h4 27. Rbc1 h3 28.
Bf7 Rdf8 29. e6 Ba4 30. Bf4+ Ka8 31. Be5 Qh6 32. Bxh8 Rxf7 1-0

[Event "Olimpiada Dresden 2008 Femenina"]
[Site "Dresden GER"]
[Date "2008.11.14"]
[Round "2.22"]
[White "De la Cruz, Mercedes"]
[Black "Drljevic, Ljilja"]
[Result "1-0"]
[WhiteElo "2045"]
[BlackElo "2259"]
[PlyCount "92"]
[EventDate "2008.11.13"]
[EventType "team-tourn"]
[EventRounds "11"]
[EventCountry "GER"]
[Source "lmi"]
[SourceDate "2008.11.13"]
[WhiteTeam "República Dominicana"]
[BlackTeam "MNE"]
[WhiteTeamCountry "DOM"]

1. e4 d6 2. d3 g6 3. Nf3 Bg7 4. g3 e5 5. Bg2 c5 6. Nc3 Ne7 7. Be3 Nbc6 8. Qd2
O-O 9. h4 h5 10. Bh6 Rb8 11. Bxg7 Kxg7 12. O-O b5 13. Ne2 Nd4 14. Nfxd4 cxd4
15. c3 dxc3 16. bxc3 d5 17. exd5 Nxd5 18. d4 Nb6 19. Rfd1 Nc4 20. Qc2 Qf6 21.
dxe5 Nxe5 22. Nf4 Bg4 23. Rd4 Bf3 24. Re1 Rfc8 25. Qd2 Bxg2 26. Kxg2 Rd8 27.
Rxe5 Qxe5 28. Rxd8 Rxd8 29. Qxd8 Qxc3 30. Qe7 Qc6+ 31. Kh2 a6 32. Qe5+ Qf6 33.
Qxf6+ Kxf6 34. Nd5+ Ke5 35. Nc7 Kd4 36. Nxa6 Kc3 37. Nc7 b4 38. f3 Kb2 39. Nd5
b3 40. axb3 Kxb3 41. g4 Kc4 42. gxh5 gxh5 43. Nf6 Kd4 44. Nxh5 Ke5 45. Kg3 Kf5
46. Nf4 f6 1-0

[Event "Olimpiada Dresden 2008 Femenina"]
[Site "Dresden GER"]
[Date "2008.11.14"]
[Round "2.22"]
[White "Stojanovic, Marija R"]
[Black "Jose Polanco, Kenia"]
[Result "1/2-1/2"]
[WhiteElo "2199"]
[BlackElo "2028"]
[PlyCount "62"]
[EventDate "2008.11.13"]
[EventType "team-tourn"]
[EventRounds "11"]
[EventCountry "GER"]
[Source "lmi"]
[SourceDate "2008.11.13"]
[WhiteTeam "MNE"]
[BlackTeam "República Dominicana"]
[BlackTeamCountry "DOM"]

1. e4 e6 2. d4 d5 3. Nd2 dxe4 4. Nxe4 Nf6 5. Nxf6+ Qxf6 6. Nf3 h6 7. g3 Nd7 8.
Bg2 Bd6 9. O-O O-O 10. c3 e5 11. Be3 Re8 12. Re1 Qd8 13. dxe5 Nxe5 14. Nxe5
Rxe5 15. Qd2 Qf8 16. Bd4 Rxe1+ 17. Rxe1 c6 18. Qe3 c5 19. Be5 Be6 20. b3 Rb8
21. Bxd6 Qxd6 22. Qe5 Qxe5 23. Rxe5 b6 24. Bd5 Bxd5 25. Rxd5 Rb7 26. Rd8+ Kh7
27. Kf1 Re7 28. Rd6 f6 29. a4 Kg6 30. Rd5 Kf7 31. a5 Ke6 1/2-1/2

[Event "Olimpiada Dresden 2008 Femenina"]
[Site "Dresden GER"]
[Date "2008.11.14"]
[Round "2.23"]
[White "Sukandar, Irine Kharisma"]
[Black "Dauletova, Gulmira"]
[Result "1/2-1/2"]
[WhiteElo "2303"]
[BlackElo "2253"]
[PlyCount "84"]
[EventDate "2008.11.13"]
[EventType "team-tourn"]
[EventRounds "11"]
[EventCountry "GER"]
[Source "lmi"]
[SourceDate "2008.11.13"]
[WhiteTeam "Indonesia"]
[BlackTeam "Kazajstán"]
[WhiteTeamCountry "INA"]
[BlackTeamCountry "KAZ"]

1. e4 c5 2. Nf3 d6 3. d4 cxd4 4. Nxd4 Nf6 5. Nc3 g6 6. Be3 Bg7 7. f3 O-O 8. Qd2
Nc6 9. O-O-O d5 10. exd5 Nxd5 11. Nxc6 bxc6 12. Bd4 e5 13. Bc5 Be6 14. h4 Qa5
15. Bxf8 Rxf8 16. Nxd5 Qxd2+ 17. Kxd2 cxd5 18. b3 Bh6+ 19. Kc3 Rc8+ 20. Kb2 d4
21. Bd3 f5 22. h5 Kg7 23. hxg6 hxg6 24. Rxh6 Kxh6 25. Re1 Rc5 26. b4 Rd5 27.
Bc4 Rd6 28. Kb3 d3 29. Bxe6 dxc2 30. Kxc2 Rxe6 31. Kd3 Kg5 32. g3 e4+ 33. fxe4
Kg4 34. Re3 Rd6+ 35. Kc4 fxe4 36. Rxe4+ Kxg3 37. a4 g5 38. b5 Rd7 39. a5 g4 40.
b6 axb6 41. axb6 Kf3 42. Rd4 Rxd4+ 1/2-1/2

[Event "Olimpiada Dresden 2008 Femenina"]
[Site "Dresden GER"]
[Date "2008.11.14"]
[Round "2.23"]
[White "Sergeeva, Maria"]
[Black "Lindiawati, Evi"]
[Result "1/2-1/2"]
[WhiteElo "2325"]
[BlackElo "2121"]
[PlyCount "145"]
[EventDate "2008.11.13"]
[EventType "team-tourn"]
[EventRounds "11"]
[EventCountry "GER"]
[Source "lmi"]
[SourceDate "2008.11.13"]
[WhiteTeam "Kazajstán"]
[BlackTeam "Indonesia"]
[WhiteTeamCountry "KAZ"]
[BlackTeamCountry "INA"]

1. e4 d5 2. exd5 Qxd5 3. Nc3 Qa5 4. d4 c6 5. Bc4 Nf6 6. Nf3 Bg4 7. h3 Bxf3 8.
Qxf3 e6 9. O-O Be7 10. Ne4 Nbd7 11. Ng3 O-O 12. c3 Rfe8 13. Re1 Bd6 14. Bd3 Qc7
15. Nh5 Nxh5 16. Qxh5 Nf6 17. Qh4 Be7 18. Bg5 Rad8 19. Bxf6 Bxf6 20. Qxh7+ Kf8
21. Rad1 Qf4 22. Qh5 Rd5 23. Qe2 Bd8 24. Bc4 Rg5 25. Rd3 Bc7 26. g3 Qh4 27. Kg2
g6 28. Rf3 Kg7 29. b4 Qh6 30. Qe3 Rh5 31. Qxh6+ Rxh6 32. h4 Rh5 33. a4 Reh8 34.
Rfe3 a5 35. Be2 Rd5 36. Bf3 Rd7 37. b5 cxb5 38. axb5 b6 39. Bc6 Rdd8 40. f4 Kf6
41. Kf3 Rh5 42. Rd3 Bd6 43. Rh1 Rdh8 44. Rc1 Ke7 45. Ke3 f6 46. Bf3 Rxb5 47. c4
Rb4 48. c5 bxc5 49. dxc5 Bc7 50. Bc6 Rd8 51. Rcd1 Rxd3+ 52. Rxd3 Bb8 53. Rd7+
Kf8 54. Be4 f5 55. Bc2 e5 56. c6 exf4+ 57. Ke2 fxg3 58. c7 Bxc7 59. Rxc7 Rxh4
60. Kf3 Rg4 61. Kg2 a4 62. Ra7 a3 63. Rxa3 f4 64. Be4 Kg7 65. Ra6 g5 66. Ra5
Kf6 67. Rb5 Rh4 68. Rf5+ Ke6 69. Rxg5 Rh2+ 70. Kf3 Rf2+ 71. Kg4 g2 72. Kh3 f3
73. Bxf3 1/2-1/2

[Event "Olimpiada Dresden 2008 Femenina"]
[Site "Dresden GER"]
[Date "2008.11.14"]
[Round "2.23"]
[White "Dewi, Aa Citra"]
[Black "Nakhbayeva, Guliskhan"]
[Result "1-0"]
[WhiteElo "1802"]
[BlackElo "2201"]
[PlyCount "69"]
[EventDate "2008.11.13"]
[EventType "team-tourn"]
[EventRounds "11"]
[EventCountry "GER"]
[Source "lmi"]
[SourceDate "2008.11.13"]
[WhiteTeam "Indonesia"]
[BlackTeam "Kazajstán"]
[WhiteTeamCountry "INA"]
[BlackTeamCountry "KAZ"]

1. e4 c5 2. Nf3 Nc6 3. d4 cxd4 4. Nxd4 Nf6 5. Nc3 e5 6. Ndb5 d6 7. Bg5 a6 8.
Na3 b5 9. Nd5 Be7 10. Bxf6 Bxf6 11. c3 O-O 12. Nc2 Bg5 13. a4 bxa4 14. Rxa4 a5
15. Bc4 Rb8 16. b3 g6 17. Nce3 Kh8 18. h4 Bxh4 19. g3 Bg5 20. f4 exf4 21. gxf4
Bh4+ 22. Kd2 f5 23. exf5 Bxf5 24. Nxf5 Rxf5 25. Kc1 Bf6 26. Qg4 Kg7 27. Bd3 Ne5
28. fxe5 Bg5+ 29. Kb2 Rf2+ 30. Bc2 dxe5 31. Qe4 Qd6 32. Rxa5 Rb7 33. Nb4 Re7
34. Ra6 Qd2 35. Rxh7+ 1-0

[Event "Olimpiada Dresden 2008 Femenina"]
[Site "Dresden GER"]
[Date "2008.11.14"]
[Round "2.24"]
[White "Moser, Eva"]
[Black "Melnik, Galina"]
[Result "1-0"]
[WhiteElo "2376"]
[BlackElo "2062"]
[PlyCount "164"]
[EventDate "2008.11.13"]
[EventType "team-tourn"]
[EventRounds "11"]
[EventCountry "GER"]
[Source "lmi"]
[SourceDate "2008.11.13"]
[WhiteTeam "Austria"]
[BlackTeam "Rusia"]
[WhiteTeamCountry "AUT"]
[BlackTeamCountry "RUS"]

1. e4 e5 2. Nf3 Nf6 3. Nxe5 d6 4. Nf3 Nxe4 5. Nc3 Nf6 6. d4 d5 7. Bd3 Be7 8. h3
O-O 9. O-O c6 10. Bf4 Re8 11. Re1 Nbd7 12. Qd2 Nf8 13. Re2 Be6 14. Rae1 Bd6 15.
Bxd6 Qxd6 16. a3 Ng6 17. Ne5 Nh5 18. Nxg6 hxg6 19. Re5 Nf6 20. g4 Nd7 21. R5e3
Nf6 22. Ne2 Re7 23. Qb4 Qxb4 24. axb4 Ree8 25. b5 Bd7 26. bxc6 bxc6 27. Nc3
Rxe3 28. fxe3 Re8 29. Kf2 Bc8 30. Ra1 Re7 31. Na4 Nh7 32. Nc5 f5 33. gxf5 gxf5
34. Rg1 Kf7 35. Be2 g5 36. Nd3 Kf6 37. Ne5 c5 38. c3 c4 39. Nc6 Rc7 40. Nb4 Be6
41. Ra1 Kf7 42. Na6 Re7 43. Nc5 Nf6 44. Bf3 Ne4+ 45. Bxe4 fxe4 46. Kg3 Bc8 47.
h4 gxh4+ 48. Kxh4 Kf6 49. Kg3 Rg7+ 50. Kf2 Rh7 51. Rg1 Rh2+ 52. Rg2 Rxg2+ 53.
Kxg2 Kf5 54. Kh3 Kg5+ 55. Kg3 Kf5 56. Kh4 Kg6 57. Na4 Bd7 58. Nc5 Bc8 59. Kg3
Kg5 60. Kf2 Kh4 61. Na4 Bd7 62. Nc5 Bc8 63. Ke2 Kg3 64. Kd2 Kf3 65. Na4 Bd7 66.
Nc5 Bc8 67. b4 cxb3 68. Nxb3 Ba6 69. Na5 Bb5 70. Nb7 Bc4 71. Na5 Bb5 72. Nb7
Bc4 73. Na5 Bb5 74. Nb7 Bd7 75. Na5 Kg4 76. c4 dxc4 77. Nxc4 Kg5 78. Kc3 Be6
79. Nd6 Bd5 80. Kb4 Kf6 81. Nb5 a6 82. Nc3 Bb7 1-0

[Event "Olimpiada Dresden 2008 Femenina"]
[Site "Dresden GER"]
[Date "2008.11.14"]
[Round "2.24"]
[White "Zykina, Nadezhda"]
[Black "Kopinits, Anna-Christina"]
[Result "0-1"]
[WhiteElo "2108"]
[BlackElo "2270"]
[PlyCount "98"]
[EventDate "2008.11.13"]
[EventType "team-tourn"]
[EventRounds "11"]
[EventCountry "GER"]
[Source "lmi"]
[SourceDate "2008.11.13"]
[WhiteTeam "Rusia"]
[BlackTeam "Austria"]
[WhiteTeamCountry "RUS"]
[BlackTeamCountry "AUT"]

1. e4 c6 2. d4 d5 3. Nc3 dxe4 4. Nxe4 Nd7 5. Bc4 Ngf6 6. Ng5 e6 7. c3 h6 8.
N5f3 Bd6 9. Qe2 Qc7 10. h4 b6 11. Nh3 Bb7 12. Rg1 O-O-O 13. Bd2 e5 14. O-O-O e4
15. Ne1 c5 16. Nc2 Nd5 17. g3 Kb8 18. Kb1 cxd4 19. Nxd4 Ne5 20. Bb3 Bc5 21. Nf4
Nf6 22. Be3 Nfg4 23. Nf5 Nxe3 24. Nxe3 Nf3 25. Rh1 Rxd1+ 26. Rxd1 g5 27. hxg5
hxg5 28. Nfd5 Qe5 29. Nc4 Qf5 30. Nce3 Qe5 31. Ng4 Qf5 32. Nde3 Qg6 33. Nc4 Re8
34. Nge3 f5 35. Ba4 Rf8 36. b4 Be7 37. Rd7 Qe6 38. Qd1 Ba6 39. Bb3 Re8 40. Na5
Qg6 41. Rxe7 Bd3+ 42. Bc2 Rxe7 43. Bxd3 Rd7 44. Qa4 Rxd3 45. Nc6+ Kc7 46. b5 a5
47. bxa6 Qxc6 48. Qb4 Qc5 49. Qb3 Nd2+ 0-1

[Event "Olimpiada Dresden 2008 Femenina"]
[Site "Dresden GER"]
[Date "2008.11.14"]
[Round "2.24"]
[White "Novkovic, Julia"]
[Black "Jennitha, Anto K"]
[Result "1-0"]
[WhiteElo "2161"]
[BlackElo "1998"]
[PlyCount "125"]
[EventDate "2008.11.13"]
[EventType "team-tourn"]
[EventRounds "11"]
[EventCountry "GER"]
[Source "lmi"]
[SourceDate "2008.11.13"]
[WhiteTeam "Austria"]
[BlackTeam "India"]
[WhiteTeamCountry "AUT"]
[BlackTeamCountry "IND"]

1. e4 d6 2. d4 Nf6 3. Nc3 g6 4. Be3 c6 5. Qd2 b5 6. Bd3 Nbd7 7. Nf3 a6 8. a4 b4
9. Ne2 a5 10. e5 Nd5 11. Bh6 Qc7 12. Bxf8 Nxf8 13. O-O Ne6 14. exd6 exd6 15.
Qh6 Qe7 16. Rfe1 Qf8 17. Qh4 Qg7 18. Qg3 Qf8 19. Be4 Kd8 20. c4 bxc3 21. Bxd5
cxd5 22. Nxc3 Bb7 23. Nb5 Kd7 24. Ng5 Nxg5 25. Qxg5 f6 26. Qg4+ f5 27. Qg3 Bc6
28. Qc3 Qb8 29. Qe3 Re8 30. Qh6 Rxe1+ 31. Rxe1 Qg8 32. Qe3 Re8 33. Qxe8+ Qxe8
34. Rxe8 Kxe8 35. Nc3 f4 36. Kf1 Ke7 37. Ke2 Kf6 38. Kd3 g5 39. Nb5 Ke6 40. Kc3
Kd7 41. Kb3 h5 42. Ka3 g4 43. g3 f3 44. b4 Bb7 45. Kb3 Ba6 46. Na3 Be2 47. bxa5
Kc6 48. Kc3 Bd1 49. Kb4 Be2 50. Nb5 Bd3 51. a6 Kb6 52. a7 Kb7 53. Ka5 Be2 54.
Nxd6+ Kxa7 55. Ne8 Kb7 56. Nf6 Kc6 57. Nxh5 Bd3 58. Nf6 Bf5 59. Ka6 Bc8+ 60.
Ka7 Be6 61. a5 Bf5 62. a6 Bc8 63. Nxg4 1-0

[Event "Olimpiada Dresden 2008 Femenina"]
[Site "Dresden GER"]
[Date "2008.11.14"]
[Round "2.25"]
[White "Sammalvuo, Niina"]
[Black "Fierro Baquero, Martha L"]
[Result "0-1"]
[WhiteElo "2248"]
[BlackElo "2361"]
[PlyCount "90"]
[EventDate "2008.11.13"]
[EventType "team-tourn"]
[EventRounds "11"]
[EventCountry "GER"]
[Source "lmi"]
[SourceDate "2008.11.13"]
[WhiteTeam "Finlandia"]
[BlackTeam "Ecuador"]
[WhiteTeamCountry "FIN"]
[BlackTeamCountry "ECU"]

1. e4 c5 2. Nf3 Nc6 3. d4 cxd4 4. Nxd4 g6 5. Nc3 Bg7 6. Be3 Nf6 7. Nb3 O-O 8.
Be2 a5 9. a4 Nb4 10. f4 d5 11. e5 Ne4 12. Nb5 f6 13. exf6 Nxf6 14. c3 Nc6 15.
O-O Bf5 16. N3d4 Qd7 17. Nxf5 gxf5 18. Nd4 Ne4 19. Nf3 Kh8 20. Qd3 e6 21. Rad1
Ne7 22. Qb5 Qxb5 23. Bxb5 Nc6 24. Bb6 Rfc8 25. Rfe1 Kg8 26. Nd2 Kf7 27. Nxe4
fxe4 28. f5 Ne5 29. Rf1 Nc4 30. Bd4 e5 31. Bxc4 Rxc4 32. Bf2 Rd8 33. Bb6 Rd7
34. Bxa5 Rxa4 35. Bb6 Ra2 36. Rf2 Bh6 37. Re2 Ra6 38. Bc5 Rc6 39. Be3 Bxe3+ 40.
Rxe3 Ke7 41. g4 b5 42. h4 Kf6 43. Rxe4 h5 44. gxh5 Rg7+ 45. Kf1 dxe4 0-1

[Event "Olimpiada Dresden 2008 Femenina"]
[Site "Dresden GER"]
[Date "2008.11.14"]
[Round "2.25"]
[White "Vasquez Ramirez, Rocio"]
[Black "Rautanen, Sari"]
[Result "1-0"]
[WhiteElo "2284"]
[BlackElo "1981"]
[PlyCount "105"]
[EventDate "2008.11.13"]
[EventType "team-tourn"]
[EventRounds "11"]
[EventCountry "GER"]
[Source "lmi"]
[SourceDate "2008.11.13"]
[WhiteTeam "Ecuador"]
[BlackTeam "Finlandia"]
[WhiteTeamCountry "ECU"]
[BlackTeamCountry "FIN"]

1. e4 d6 2. Nf3 Nf6 3. Nc3 g6 4. Bc4 Bg7 5. O-O O-O 6. d4 Nc6 7. Re1 Bg4 8. Be2
e5 9. dxe5 dxe5 10. Bg5 Qxd1 11. Raxd1 Bxf3 12. Bxf3 Nd4 13. Rd2 c6 14. Bd1 h6
15. Be3 c5 16. f3 Rfd8 17. Ne2 Nh5 18. c3 Nxe2+ 19. Bxe2 Rxd2 20. Bxd2 Nf4 21.
Bc4 Rd8 22. Be3 b6 23. g3 Ne6 24. f4 exf4 25. gxf4 Kf8 26. Kf2 h5 27. Kf3 Nc7
28. Rg1 Ne8 29. h3 Nd6 30. Bd5 Nc8 31. Rg2 Ne7 32. c4 Rd7 33. b3 Rd8 34. Bf2
Rd7 35. Bh4 f6 36. Ke2 Rd6 37. Rg1 Rd7 38. Rd1 Rd6 39. Be1 Bh6 40. Kf3 Bg7 41.
Bc3 Nc6 42. Rg1 Ne7 43. b4 Nxd5 44. cxd5 Kf7 45. Rd1 cxb4 46. Bxb4 Rd7 47. Bc3
Rc7 48. Rd3 Bf8 49. e5 fxe5 50. fxe5 Bc5 51. Ke4 b5 52. d6 Rd7 53. Rd5 1-0

[Event "Olimpiada Dresden 2008 Femenina"]
[Site "Dresden GER"]
[Date "2008.11.14"]
[Round "2.25"]
[White "Puuska, Heini"]
[Black "Moncayo Romero, Evelyn"]
[Result "1/2-1/2"]
[WhiteElo "2002"]
[BlackElo "2142"]
[PlyCount "61"]
[EventDate "2008.11.13"]
[EventType "team-tourn"]
[EventRounds "11"]
[EventCountry "GER"]
[Source "lmi"]
[SourceDate "2008.11.13"]
[WhiteTeam "Finlandia"]
[BlackTeam "Ecuador"]
[WhiteTeamCountry "FIN"]
[BlackTeamCountry "ECU"]

1. d4 Nf6 2. Nf3 e6 3. Bf4 d5 4. e3 c6 5. Bd3 Nbd7 6. Nbd2 Be7 7. O-O O-O 8. c3
c5 9. Ne5 Qb6 10. Rb1 Bd6 11. Nec4 dxc4 12. Nxc4 Qc6 13. Nxd6 a6 14. a3 Rd8 15.
Nxc8 Raxc8 16. Qe2 b5 17. Rfd1 c4 18. Bc2 a5 19. e4 Re8 20. e5 Nd5 21. Bd2 Rb8
22. Qh5 g6 23. Qh6 f5 24. exf6 N7xf6 25. Re1 Rb7 26. Qh3 b4 27. axb4 axb4 28.
Ra1 Qd6 29. Reb1 b3 30. Be4 Nxe4 31. Be1 1/2-1/2

[Event "Olimpiada Dresden 2008 Femenina"]
[Site "Dresden GER"]
[Date "2008.11.14"]
[Round "2.25"]
[White "Rojas Solano, Jessenia"]
[Black "Uusitupa, Erika"]
[Result "1/2-1/2"]
[WhiteElo "1959"]
[BlackElo "1702"]
[PlyCount "56"]
[EventDate "2008.11.13"]
[EventType "team-tourn"]
[EventRounds "11"]
[EventCountry "GER"]
[Source "lmi"]
[SourceDate "2008.11.13"]
[WhiteTeam "Ecuador"]
[BlackTeam "Finlandia"]
[WhiteTeamCountry "ECU"]
[BlackTeamCountry "FIN"]

1. Nf3 c5 2. c4 Nf6 3. Nc3 g6 4. g3 Bg7 5. Bg2 O-O 6. d4 d6 7. O-O Nc6 8. dxc5
dxc5 9. Qxd8 Rxd8 10. Be3 b6 11. Rad1 Bb7 12. Ne5 Nxe5 13. Bxb7 Rab8 14. Ba6
Nc6 15. Bb5 Nd4 16. Bf4 Ra8 17. Ba6 Nh5 18. Bg5 Nf6 19. Bb7 Rab8 20. Bg2 Ne6
21. Bc1 a6 22. h3 Kf8 23. Nd5 Rd6 24. Nf4 Nc7 25. Nd3 Ne6 26. Nf4 Nc7 27. Nd3
Ne6 28. Nf4 Nc7 1/2-1/2

[Event "Olimpiada Dresden 2008 Femenina"]
[Site "Dresden GER"]
[Date "2008.11.14"]
[Round "2.26"]
[White "Pasko, Roela"]
[Black "Seps, Monika"]
[Result "1/2-1/2"]
[WhiteElo "1883"]
[BlackElo "2203"]
[PlyCount "126"]
[EventDate "2008.11.13"]
[EventType "team-tourn"]
[EventRounds "11"]
[EventCountry "GER"]
[Source "lmi"]
[SourceDate "2008.11.13"]
[WhiteTeam "Albania"]
[BlackTeam "Suiza"]
[WhiteTeamCountry "ALB"]
[BlackTeamCountry "SUI"]

1. d4 Nf6 2. c4 g6 3. Nc3 Bg7 4. e4 d6 5. f3 O-O 6. Be3 c5 7. Nge2 Qa5 8. Qd2
Nc6 9. d5 Ne5 10. Ng3 a6 11. Be2 h5 12. Bg5 Qb4 13. Nd1 Qxd2+ 14. Kxd2 Re8 15.
f4 Ned7 16. Bd3 Nh7 17. Bh4 Ndf8 18. Re1 Bh6 19. Ne2 e5 20. Bg3 h4 21. Bxh4
exf4 22. Kc2 g5 23. Bf2 Ng6 24. h3 Bd7 25. Ndc3 Ne5 26. g3 f3 27. Ng1 b5 28. b3
b4 29. Nd1 g4 30. hxg4 Bg7 31. Rb1 Ng5 32. Be3 Nxd3 33. Kxd3 Nxe4 34. Nxf3 Bxg4
35. Nh4 Nc3 36. Nxc3 Bxc3 37. Bd2 Bf6 38. Rxe8+ Rxe8 39. Re1 Rxe1 40. Bxe1 Be5
41. Ke4 Bd1 42. Kd3 Kg7 43. Bd2 Kf6 44. Bf4 a5 45. Kd2 Bg4 46. Ng2 Bf5 47. Ne3
Bxf4 48. gxf4 Be4 49. Ng4+ Kg6 50. Ke3 Bb1 51. Nf2 Bxa2 52. Ne4 Bxb3 53. Nxd6
a4 54. Nb7 Bxc4 55. d6 Be6 56. Nxc5 a3 57. Nxe6 fxe6 58. d7 a2 59. d8=Q a1=Q
60. Qg8+ Qg7 61. Qxe6+ Qf6 62. Qe4+ Kf7 63. Qxb4 Qe7+ 1/2-1/2

[Event "Olimpiada Dresden 2008 Femenina"]
[Site "Dresden GER"]
[Date "2008.11.14"]
[Round "2.26"]
[White "Hund, Barbara"]
[Black "Shabanaj, Alda"]
[Result "1-0"]
[WhiteElo "2216"]
[BlackElo "1990"]
[PlyCount "119"]
[EventDate "2008.11.13"]
[EventType "team-tourn"]
[EventRounds "11"]
[EventCountry "GER"]
[Source "lmi"]
[SourceDate "2008.11.13"]
[WhiteTeam "Suiza"]
[BlackTeam "Albania"]
[WhiteTeamCountry "SUI"]
[BlackTeamCountry "ALB"]

1. e4 c6 2. d4 d5 3. exd5 cxd5 4. Bd3 Nf6 5. c3 Bg4 6. Qb3 Qc7 7. Na3 a6 8. h3
Bd7 9. Ne2 Nc6 10. Bf4 Qc8 11. Ng3 e6 12. Be5 Be7 13. Qc2 h6 14. O-O O-O 15.
Qe2 Qd8 16. Nc2 Ne8 17. Qf3 Bf6 18. Rae1 Qb6 19. Nh5 Bxe5 20. dxe5 f6 21. exf6
Nxf6 22. Nf4 Rae8 23. Qg3 Ne7 24. Nd4 Nf5 25. Nxf5 exf5 26. Qg6 Qxb2 27. Rb1
Qxc3 28. Rxb7 Qc6 29. Rfb1 Ne4 30. Qxc6 Bxc6 31. Rc7 Rc8 32. Rxc8 Rxc8 33. Bxa6
Re8 34. Rb6 Ba8 35. Bb5 Rc8 36. Bd7 Rc1+ 37. Kh2 g5 38. Be6+ Kg7 39. Nh5+ Kf8
40. Bxf5 Bc6 41. Bxe4 dxe4 42. Rb2 Kf7 43. Re2 Rc4 44. g4 Ra4 45. Ng3 Kf6 46.
Nf5 h5 47. Ne3 h4 48. Rc2 Ra6 49. Rc5 Bb7 50. Rb5 Bc6 51. Rf5+ Kg6 52. Nc4 Be8
53. Ne5+ Kh6 54. Rf8 Bg6 55. Rb8 Rxa2 56. Rb6 e3 57. Rxg6+ Kh7 58. Rf6 e2 59.
Nf3 Ra3 60. Nxg5+ 1-0

[Event "Olimpiada Dresden 2008 Femenina"]
[Site "Dresden GER"]
[Date "2008.11.14"]
[Round "2.26"]
[White "Driza, Arta"]
[Black "Lematschko, Tatjana"]
[Result "0-1"]
[WhiteElo "1959"]
[BlackElo "2195"]
[PlyCount "98"]
[EventDate "2008.11.13"]
[EventType "team-tourn"]
[EventRounds "11"]
[EventCountry "GER"]
[Source "lmi"]
[SourceDate "2008.11.13"]
[WhiteTeam "Albania"]
[BlackTeam "Suiza"]
[WhiteTeamCountry "ALB"]
[BlackTeamCountry "SUI"]

1. e4 g6 2. d4 Bg7 3. Nf3 c6 4. c4 d6 5. Be2 e5 6. dxe5 dxe5 7. Qxd8+ Kxd8 8.
O-O h6 9. Nc3 Be6 10. b4 Nd7 11. b5 Bf8 12. a4 Bb4 13. Na2 Bc5 14. Bb2 f6 15.
Nc3 a5 16. Rfd1 Rh7 17. Ba3 Bxa3 18. Rxa3 Kc7 19. bxc6 bxc6 20. Rb3 Nc5 21. Rb2
Rd7 22. Rxd7+ Bxd7 23. Ne1 Be6 24. Nd3 Nxd3 25. Bxd3 Rd8 26. Bf1 Rd4 27. c5 Bc4
28. f3 Bxf1 29. Kxf1 Rc4 30. Rb3 Rxc5 31. Ke2 Rc4 32. Kd3 Rd4+ 33. Kc2 Ne7 34.
Ra3 Nc8 35. Ra1 Nb6 36. Kb3 Nd7 37. Rc1 Kb6 38. Ka3 Rd3 39. Kb2 Rd2+ 40. Rc2
Rxc2+ 41. Kxc2 Kc5 42. Kb3 Kd4 43. Nd1 Nc5+ 44. Ka3 Nd3 45. Kb3 c5 46. Nb2 c4+
47. Ka3 c3 48. Nxd3 Kxd3 49. Kb3 c2 0-1